The heritage of sociology, the promise of social science: presidential adress, XIVth world congress of sociology, montreal, 26 july 1998 /
Uloženo v:
| Hlavní autor: | |
|---|---|
| Médium: | Text |
| Tagy: |
Přidat tag
Žádné tagy, Buďte první, kdo vytvoří štítek k tomuto záznamu!
|
MARC
| LEADER | 00000 a a2200000 04500 | ||
|---|---|---|---|
| 001 | 48673 | ||
| 003 | |||
| 040 | |||
| 100 | |a Wallerstein, Immanuel | ||
| 245 | |a The heritage of sociology, the promise of social science: presidential adress, XIVth world congress of sociology, montreal, 26 july 1998 / |c Immanuel Wallerstein | ||
| 773 | |g volumen 47, número 1, (1999), páginas 1-37 | ||
| 999 | |c 25452 |d 25452 | ||
